000 00654nam a2200157 a 4500
008 120416s0000 ||||||||||||||||| || u
020 _a0750609559
050 _aTL 240 Rob
100 _aRobinson, Alan
245 1 4 _aThe repair of vehicle bodies
250 _a3rd ed.
260 _aOxford
_bNewnes
_c1993
350 _a0.00
995 _aMAIN LIBRARY OPEN ACCESS
_D0.00
_e730970
_FCBU-MAIN LIBRARY (Kitwe)
_H2
_I29.95
_jTL 240 Rob
_M1
_UAVAILABLE
_WDec 5, 2006
_y028080
_ZMain Library Open Access Collection
995 _aMAIN LIBRARY OPEN ACCESS
_D0.00
_e730844
_FCBU-MAIN LIBRARY (Kitwe)
_H1
_I29.95
_jTL 240 Rob
_UAVAILABLE
_y027988
_ZMain Library Open Access Collection
999 _c80046
_d80046